The reproductive biology of amphibians /

Bibliographic Details
Corporate Author: Society for the Study of Amphibians and Reptiles
Other Authors: Taylor, Douglas H., Guttman, Sheldon I.
Format: Book
Language:English
Published: New York : Plenum Press, [1977]
Subjects:

MARC

Tag First Indicator Second Indicator Subfields
LEADER 00000pam a2200000 i 4500
001 in00000377721
005 20151011084540.0
008 770802s1977 nyua b 10110 eng
010 |a  77011004  
020 |a 0306311038 
035 |a (OCoLC)03224043 
035 |9 ABQ3800AM 
040 |a DLC  |c DLC  |d TXA  |d UtOrBLW 
049 |a TXAM  |c [1399412] 
050 0 0 |a QL669.3  |b .S63 1977 
082 0 |a 597/.6/0456 
110 2 |a Society for the Study of Amphibians and Reptiles. 
245 1 4 |a The reproductive biology of amphibians /  |c edited by Douglas H. Taylor and Sheldon I. Guttman. 
264 1 |a New York :  |b Plenum Press,  |c [1977] 
264 4 |c ©1977 
300 |a x, 475 pages :  |b illustrations ;  |c 26 cm. 
336 |a text  |b txt  |2 rdacontent 
337 |a unmediated  |b n  |2 rdamedia 
338 |a volume  |b nc  |2 rdacarrier 
500 |a "Proceedings of a symposium held at the nineteenth annual meeting of the Society for the Study of Amphibians and Reptiles, Miami University, Oxford, Ohio, August 9-10, 1976." 
504 |a Includes bibliographies and indexes. 
650 0 |a Amphibians  |x Reproduction  |x Congresses. 
650 0 |a Amphibians  |x Behavior  |x Congresses. 
650 0 |a Courtship in animals  |x Congresses. 
650 0 |a Sexual behavior in animals  |x Congresses. 
700 1 |a Taylor, Douglas H. 
700 1 |a Guttman, Sheldon I. 
999 |a MARS 
999 f f |s f0e17941-d4ff-306a-80ac-36c99a684f3b  |i b2a16ab5-cbc4-3fde-820a-ebf485f90686  |t 0 
952 f f |p ric  |a Texas A&M University  |b Rellis Campus  |c Joint Library Facility  |d Remote Storage  |t 0  |e QL669.3 .S63 1977  |h Library of Congress classification  |i unmediated -- volume  |m A14804960550 
998 f f |a QL669.3 .S63 1977  |t 0  |l Remote Storage